书目信息 |
| 题名: |
老师,请开启校园安全模式
|
|
| 作者: | 周新 著 | |
| 分册: | ||
| 出版信息: | 北京 中国人民大学出版社 2018.08 |
|
| 页数: | 249页 | |
| 开本: | 24cm | |
| 丛书名: | ||
| 单 册: | ||
| 中图分类: | G474 | |
| 科图分类: | ||
| 主题词: | 学校管理--xue jiao guan li--安全管理 | |
| 电子资源: | ||
| ISBN: | 978-7-300-26072-3 | |
| 000 | 00807nam0 2200229 450 | |
| 001 | 0104125633 | |
| 005 | 20201104125713.0 | |
| 010 | @a978-7-300-26072-3@dCNY49.80 | |
| 100 | @a20181114d2018 em y0chiy50 ea | |
| 101 | 0 | @achi |
| 102 | @aCN@b110000 | |
| 105 | @ay z 000yy | |
| 106 | @ar | |
| 200 | 1 | @a老师,请开启校园安全模式@Alao shi,qing kai qi xiao yuan an quan mo shi@f周新著 |
| 210 | @a北京@c中国人民大学出版社@d2018.08 | |
| 215 | @a249页@d24cm | |
| 330 | @a本书详细探讨了校园安全的各个方面,重点分析了强化学校安全管理、优化班级安全管理措施、夯实学生安全教育、增强教师自我保护意识、规范事故善后处理措施等。 | |
| 606 | 0 | @a学校管理@Axue jiao guan li@x安全管理 |
| 690 | @aG474@v5 | |
| 701 | 0 | @a周新@Azhou xin@f(1967-)@4著 |
| 801 | 0 | @aCN@bBJSZM@c20201104 |
| 905 | @b1261206-10@dG474@e242@f5 | |
| 老师,请开启校园安全模式/周新著.-北京:中国人民大学出版社,2018.08 |
| 249页;24cm |
| ISBN 978-7-300-26072-3:CNY49.80 |
| 本书详细探讨了校园安全的各个方面,重点分析了强化学校安全管理、优化班级安全管理措施、夯实学生安全教育、增强教师自我保护意识、规范事故善后处理措施等。 |
| ● |
| 相关链接 |
|
|
|
|
正题名:老师,请开启校园安全模式
索取号:G474/242
 
预约/预借
| 序号 | 登录号 | 条形码 | 馆藏地/架位号 | 状态 | 备注 |
| 1 | 1261206 | 212612065 | 第一样本阅览室/ [索取号:G474/242] | 在馆 | |
| 2 | 1261207 | 212612074 | 教育系资料室/ [索取号:G474/242] | 在馆 | |
| 3 | 1261208 | 212612083 | 教育系资料室/ [索取号:G474/242] | 在馆 | |
| 4 | 1261209 | 212612092 | 第四借阅区/ [索取号:G474/242] | 在馆 | |
| 5 | 1261210 | 212612109 | 第四借阅区/ [索取号:G474/242] | 在馆 |